Artificial intelligence (Record no. 1966)

MARC details
000 -LEADER
fixed length control field 00496nam a2200193Ia 4500
008 - FIXED-LENGTH DATA ELEMENTS--GENERAL INFORMATION
fixed length control field 130318s9999 xx 000 0 und d
020 ## - INTERNATIONAL STANDARD BOOK NUMBER
International Standard Book Number 9780070087705
082 ## - DEWEY DECIMAL CLASSIFICATION NUMBER
Classification number 006.3 RIC/A
100 ## - MAIN ENTRY--PERSONAL NAME
Personal name Rich, Elaine
245 ## - TITLE STATEMENT
Title Artificial intelligence
250 ## - EDITION STATEMENT
Edition statement 3
260 ## - PUBLICATION, DISTRIBUTION, ETC.
Name of publisher, distributor, etc. Tata McGraw Hill
Place of publication, distribution, etc. Noida
Date of publication, distribution, etc. 2009
300 ## - PHYSICAL DESCRIPTION
Extent 568
650 ## - SUBJECT ADDED ENTRY--TOPICAL TERM
Topical term or geographic name entry element ARTIFICIAL IMMUNE SYSTEMS
650 ## - SUBJECT ADDED ENTRY--TOPICAL TERM
Topical term or geographic name entry element FUZZY LOGIC
650 ## - SUBJECT ADDED ENTRY--TOPICAL TERM
Topical term or geographic name entry element NATURAL LANGUAGE PROCESSING
700 ## - ADDED ENTRY--PERSONAL NAME
Personal name Knight, Kevin
700 ## - ADDED ENTRY--PERSONAL NAME
Personal name Nair, Sivasanker B
Holdings
Withdrawn status Lost status Damaged status Not for loan Collection code Home library Current library Shelving location Date acquired Cost, normal purchase price Total Checkouts Full call number Barcode Date last seen Date last checked out Price effective from Koha item type
        Artificial Intelligence/ Computational Intelligence / Cognitive Computing Kerala University of Digital Sciences, Innovation and Technology Knowledge Centre Kerala University of Digital Sciences, Innovation and Technology Knowledge Centre Computer Science 18/03/2013 340.00 9 006.3 RIC/A 1983 17/02/2026 08/11/2019 18/03/2013 Books